000 00769nam a2200229Ia 4500
001 15314
003 GE_BSU
008 181216s||||||||xx |||||||||||||| ||und||
040 _cGE_BSU
080 _a82-93:821.353.1-32
100 _aშატბერაშვილი,გიორგი
245 _aსათაფლია
245 _bსაბავშვო მოთხრობები
245 _cრედ.ლ.ქადაგიშვილი. მხატვ.გ.გელაშვილი
260 _aთბილისი
260 _bნაკადული
260 _c1968
300 _a264გვ.20სმ.
653 _aსაბავშვო მოთხრობები
653 _aსათაფლია
942 _cBK
999 _c48422
_d48422